000 00910nam a2200277 a 4500
008
020 _a0749428767 (pbk.)
049 _aMAIN
090 0 0 _aLC2331.7
245 0 0 _aDeveloping the capable practitioner :
_bprofessional capability through higher education /
_cedited by Dave O'Reilly, Lynne Cunningham, Stan Lester.
260 _aLondon :
_bKogan Page,
_c1999.
300 _axii, 244 p. :
_bill. ;
_c24 cm.
440 0 _aTeaching and learning in higher education.
504 _aIncludes bibliographical references.
500 _aIncludes index.
650 0 _aProfessional education.
650 0 _aEducation, Higher.
700 1 _aO'Reilly, Dave.
700 1 _aCunningham, Lynne.
700 1 _aLester, Stan.
907 _a.b10124524
_b08-06-04
_c03-06-04
003
005 20230123133726.0
040 _cNUST
942 _cBOOKS
_kLC2331.7
999 _c153572
_d153572